Fiscal policy impact on real exchange rate and trade balance of Malaysia : with reference to the late 1990's crisis /
Saved in:
| Main Author: | |
|---|---|
| Format: | Thesis Book |
| Language: | English |
| Published: |
1999.
|
| Subjects: | |
| Online Access: | http://studentsrepo.um.edu.my/id/eprint/1942 |
| Tags: |
Add Tag
No Tags, Be the first to tag this record!
|
| LEADER | 01081cam a2200277 a 4500 | ||
|---|---|---|---|
| 001 | u480097 | ||
| 003 | SIRSI | ||
| 008 | 940809s1999 my a t 00 1 eng m | ||
| 035 | |a ACO-8478 | ||
| 040 | |a UMM | ||
| 043 | |a a-my-- | ||
| 090 | |a HB71 |b UM 1999 Sur | ||
| 100 | 0 | 0 | |a Suresh Kumar Ramanathan. |
| 245 | 1 | 0 | |a Fiscal policy impact on real exchange rate and trade balance of Malaysia : |b with reference to the late 1990's crisis / |c Suresh Kumar a/l Ramanathan. |
| 260 | |c 1999. | ||
| 300 | |a vi, 145 leaves : |b ill. ; |c 30 cm. | ||
| 502 | |a Dissertation (M.Ec.) -- Fakulti Ekonomi dan Pentadbiran, Universiti Malaya, 1999. | ||
| 504 | |a Includes bibliographical references. | ||
| 650 | 0 | |a Finance, Public |z Malaysia | |
| 650 | 0 | |a Fiscal policy |z Malaysia. | |
| 710 | 2 | 0 | |a Universiti Malaya. |b Fakulti Ekonomi dan Pentadbiran. |
| 856 | |f IARC:A511967867 |z Click Here | ||
| 856 | 4 | 1 | |u http://studentsrepo.um.edu.my/id/eprint/1942 |
| 948 | |a 11/04/2001 |b 19/11/2002 | ||
| 596 | |a 1 | ||
| 999 | |a HB71 UM 1999 SUR |w LC |c 1 |i A510350186 |d 12/7/2011 |e 11/7/2011 |l STACKS |m P01UTAMA |n 6 |r Y |s Y |t TESIS |u 7/5/2002 | ||
